000 00694nam a2200241Ia 4500
003 OSt
005 20220924115746.0
006 a|||||r|||| 00| 0
007 ta
008 220923b |||||||| |||| 00| 0 urd d
024 _a254869
037 _cTextual
040 _aARTS
_cARTS
_burd
041 _2urd
_aurd
082 _aO168,3:gv.N8, P2
100 _aWani Mushtaq Ahmad
_9179473
245 0 _aTakhseem ke baad urdu novel me tahzeebi bohran
260 _aDelhi
_bEducational Publishing House India
_c2002
300 _a451p.
_ccm.
650 _aURDU FICTION
_93298
942 _hO168,3:gv.N8, P2
_cTEXL
_2CC
999 _c399756
_d399756